书目信息 |
| 题名: |
破解英语形容词
|
|
| 作者: | 张迪 , 张鹏 主编 | |
| 分册: | ||
| 出版信息: | 北京 国防工业出版社 2007.01 |
|
| 页数: | X, 358页 | |
| 开本: | 21cm | |
| 丛书名: | ||
| 单 册: | ||
| 中图分类: | H314.2 | |
| 科图分类: | ||
| 主题词: | 英语--ying yu--形容词 | |
| 电子资源: | ||
| ISBN: | 7-118-04895-X | |
| 000 | 00877nam0 2200253 450 | |
| 001 | 012007944453 | |
| 005 | 20070926153132.78 | |
| 010 | @a7-118-04895-X@dCNY20.00 | |
| 100 | @a20070720d2007 km y0chiy0120 ea | |
| 101 | 0 | @achi@aeng |
| 102 | @aCN@b110000 | |
| 105 | @ay z 000yy | |
| 200 | 1 | @a破解英语形容词@Apo jie ying yu xing rong ci@f张迪, 张鹏主编@Fzhang di,zhang peng zhu bian |
| 210 | @a北京@c国防工业出版社@d2007.01 | |
| 215 | @aX, 358页@d21cm | |
| 312 | @a英文并列题名取自封面。 | |
| 330 | @a本书将每一个形容词均分为词义、用法、例句、固定搭配和词语辨析五项,本书所选形容词皆是一些常用、易错、常考的形容词,所列例句典型,有代表性。 | |
| 510 | 1 | @aCrack English adjectival@zeng |
| 606 | 0 | @a英语@Aying yu@x形容词 |
| 690 | @aH314.2@v4 | |
| 701 | 0 | @a张迪@Azhang di@4主编 |
| 701 | 0 | @a张鹏@Azhang peng@4主编 |
| 801 | 0 | @aCN@c20070926 |
| 905 | @dH314.2@eZ093 | |
| 破解英语形容词/张迪, 张鹏主编.-北京:国防工业出版社,2007.01 |
| X, 358页;21cm |
| ISBN 7-118-04895-X:CNY20.00 |
| 本书将每一个形容词均分为词义、用法、例句、固定搭配和词语辨析五项,本书所选形容词皆是一些常用、易错、常考的形容词,所列例句典型,有代表性。 |
| ● |
| 相关链接 |
|
|
|
正题名:破解英语形容词
索取号:H314.2/Z093
 
预约/预借
| 序号 | 登录号 | 条形码 | 馆藏地/架位号 | 状态 | 备注 |
| 1 | 245451 | 202454511 | 语言库209/209语言库 36排2列2层/ [索取号:H314.2/Z093] | 在馆 | |
| 2 | 245452 | 202454520 | 语言库209/209语言库 36排2列2层/ [索取号:H314.2/Z093] | 在馆 | |
| 3 | 245453 | 202454539 | 语言库209/209语言库 36排2列2层/ [索取号:H314.2/Z093] | 在馆 |